000 00489 a2200169 4500
003 OSt
005 20230905121213.0
008 230905b |||||||| |||| 00| 0 eng d
020 _a9788172344566
040 _coclc
082 _a813.52
_bFIT/G
100 _aFitzgerald, Scott F
_96244
245 _aTHE GREAT GATSBY /
_cF Scott Fitzgerald
260 _aNew Delhi:
_bFinger print books
_c2022.
300 _a224 p
942 _2ddc
_cBK
_h813.52
_iFIT/G
_k813.52
_mFIT/G
999 _c42115
_d42115